| 000 | 01482pam a2200421 i 4500 | ||
|---|---|---|---|
| 999 |
_c169230 _d169230 |
||
| 001 | vtls000704622 | ||
| 003 | PNM | ||
| 005 | 20180821060917.0 | ||
| 008 | 160506t20132013my ad e a001 0 may | ||
| 015 | _aM141-00357 | ||
| 020 |
_a9789670474458 _qpaperback _cRM47.00 |
||
| 039 | 9 |
_a201605061132 _bVLOAD _c201604260957 _dVLOAD _c201504290900 _dhazwani _c201406041219 _daidayas |
|
| 040 |
_aBNM _beng _cBNM _dPPAK _erda |
||
| 049 | _aklpmal | ||
| 082 | 0 | 4 |
_a352.6309595 _223 |
| 090 | 0 | 0 |
_a352.6309595 _bSIS _dG |
| 245 | 0 | 0 |
_aSistem Pengurusan TATATERTIB di Tempat Kerja / _cEditor : SAMIHAH KHALIL |
| 264 | 1 |
_aSintok, Kedah : _bPenerbit Universiti Utara Malaysia, _c2013 |
|
| 264 | 4 | _c©2013 | |
| 300 |
_axxvii, 210 pages : _billustrations, charts ; _c23 cm |
||
| 336 |
_atext _2rdacontent |
||
| 337 |
_aunmediated _2rdamedia |
||
| 338 |
_avolume _2rdacarrier |
||
| 500 | _aIncludes bibliographical references and index | ||
| 650 | 1 | 0 |
_aCivil service ethics _zMalaysia |
| 650 | 2 | 0 |
_aPublic administration _xMoral and ethical aspects _zMalaysia |
| 700 | 0 |
_aSamihah Khalil, _eeditor. |
|
| 942 |
_2ddc _cB |
||
| 949 |
_62000051269 _a352.6309595 SIS M |
||
| 949 |
_62000051268 _a352.6309595 SIS M |
||
| 949 |
_62000081581 _a352.6309595 SIS M _e2258782 |
||
| 949 |
_62000081582 _a352.6309595 SIS M _e2258783 |
||
| 949 |
_61001244175 _e2258784 |
||
| 949 |
_61001244176 _e2258785 |
||
| 949 |
_61001244177 _e2258786 |
||
| 949 |
_61001244178 _e2258787 |
||
| 949 |
_61001244179 _e2258788 |
||